|
|
|
|
| LEADER |
00933nam a22002297a 4500 |
| 001 |
30547 |
| 003 |
BD-DhAAL |
| 005 |
20241118111734.0 |
| 008 |
150902s1998 bg a|||| |||| 00| 0 eng d |
| 040 |
|
|
|a BD-DhAAL
|c BD-DhAAL
|
| 082 |
|
|
|2 22
|a 307.1412095492
|
| 245 |
|
|
|a Nutrition facilitation program :
|k progress report,
|g July - December 1998.
|
| 260 |
|
|
|a Dhaka :
|b BRAC,
|c 1998.
|
| 300 |
|
|
|a 28 pages :
|b illustrations ;
|c 28 cm.
|
| 541 |
|
|
|a Complimentary copy from BRAC
|e 30547
|
| 610 |
|
|
|a BRAC
|9 14374
|
| 650 |
|
|
|a Rural development
|z Bangladesh.
|9 14375
|
| 710 |
|
|
|a BRAC
|9 14374
|
| 852 |
|
|
|a Ayesha Abed Library
|c BRAC Resource Section
|
| 942 |
|
|
|2 ddc
|c BK
|
| 999 |
|
|
|c 36265
|d 36265
|
| 952 |
|
|
|0 0
|1 0
|2 ddc
|4 0
|6 307_141209549200000_NUT
|7 1
|8 RPT
|9 57005
|a BRACUL
|b BRACUL
|c BRS
|d 2015-11-22
|e Complimentary copy from BRAC
|l 0
|o 307.1412095492 NUT
|p 3010030547
|r 2015-11-22
|t 1
|w 2015-11-22
|y BK
|x Complimentary copy from BRAC; Price not available in register.
|